000
00257nam a22001217a 4500
040
_c
HS
082
_a
636
100
_a
MICHEAL
245
_a
Managing pig health and the treatment of disease
260
_a
NA
_b
MICHEAL
_c
2002
300
_a
NA
942
_c
EK
999
_c
10238
_d
10238